[Event "Reykjavik Open"]
[Site "Reykjavik ISL"]
[Date "2017.04.23"]
[EventDate "2017.04.19"]
[Round "6.101"]
[Result "1/2-1/2"]
[White "Dustin Tennessee Opasiak"]
[Black "Helgi Petur Gunnarsson"]
[WhiteElo "1885"]
[BlackElo "1669"]
[PlyCount "60"]

1. e4 c5 2. Nf3 Nc6 3. d4 cxd4 4. Nxd4 a6 5. Nc3 d6 6. Be3 Nf6
7. Be2 e5 8. Nxc6 bxc6 9. O-O Be7 10. Bc4 Nxe4 11. Nxe4 d5
12. Bd3 dxe4 13. Bxe4 Qc7 14. Qf3 Bd7 15. Rfd1 Rc8 16. Rxd7
Qxd7 17. Bf5 Qc7 18. Bxc8 Qxc8 19. Qg3 O-O 20. Qxe5 Bf6
21. Qa5 Bxb2 22. Rb1 Bf6 23. Bf4 Rd8 24. h3 Rd5 25. Qxd5 cxd5
26. Rb8 Qxb8 27. Bxb8 Kf8 28. Kf1 Ke7 29. Ke2 Kd7 30. Kd3 Kc6
1/2-1/2

[Event "Reykjavik Open"]
[Site "Reykjavik ISL"]
[Date "2017.04.23"]
[EventDate "2017.04.19"]
[Round "6.104"]
[Result "1-0"]
[White "Margar M Berg"]
[Black "Hjalmar Sigurvaldason"]
[WhiteElo "1813"]
[BlackElo "1441"]
[PlyCount "167"]

1. d4 Nf6 2. Bg5 d5 3. c4 h6 4. Bh4 c6 5. Nc3 e6 6. e3 Be7
7. Bd3 O-O 8. f4 dxc4 9. Bxc4 Nd5 10. Bf2 Bb4 11. Qc2 f5
12. h3 Qa5 13. Ne2 Nd7 14. O-O N7f6 15. Bd3 Bxc3 16. bxc3 Qd8
17. Rab1 b6 18. c4 Ne7 19. e4 fxe4 20. Bxe4 Nxe4 21. Qxe4 Qd7
22. Rbd1 Bb7 23. c5 Nd5 24. Rde1 Ba6 25. Bh4 Bxe2 26. Rxe2
Rae8 27. Rf3 Nf6 28. Bxf6 Rxf6 29. cxb6 axb6 30. Rc3 Ref8
31. g3 g5 32. fxg5 Rf1+ 33. Kg2 Qd5 34. Qxd5 cxd5 35. gxh6 Kh7
36. Rc6 Kxh6 37. Rxb6 Rd1 38. Rbxe6+ Kg7 39. a4 Rxd4 40. Ra2
Rd3 41. Re5 Kf6 42. Rae2 Rd8 43. g4 d4 44. a5 Ra3 45. Re6+ Kf7
46. Re7+ Kf8 47. Ra7 d3 48. Rd2 Rc3 49. a6 Rc2 50. Rxc2 dxc2
51. Rc7 Ra8 52. Rxc2 Rxa6 53. g5 Kg7 54. Kg3 Kg6 55. h4 Ra3+
56. Kh2 Kh5 57. Rc4 Ra2+ 58. Kg3 Ra3+ 59. Kf2 Ra2+ 60. Ke3
Ra3+ 61. Kd2 Ra2+ 62. Kc3 Re2 63. Kd4 Re6 64. Kd5 Ra6 65. Rf4
Ra5+ 66. Ke6 Kg6 67. Rf6+ Kg7 68. Kd7 Ra7+ 69. Kc8 Ra8+
70. Kb7 Rh8 71. Rf4 Rh5 72. Kc6 Kg6 73. Kd5 Kg7 74. Ke4 Kg6
75. Kf3 Rh8 76. Kg4 Rb8 77. h5+ Kg7 78. Ra4 Rb7 79. h6+ Kh7
80. Kh5 Rb8 81. g6+ Kg8 82. h7+ Kg7 83. Ra7+ Kh8 84. Kh6 1-0

[Event "Reykjavik Open"]
[Site "Reykjavik ISL"]
[Date "2017.04.23"]
[EventDate "2017.04.19"]
[Round "6.106"]
[Result "1-0"]
[White "Magnus Kristinsson"]
[Black "Teck Woon Tan"]
[WhiteElo "1783"]
[BlackElo "1636"]
[PlyCount "111"]

1. e4 e5 2. Nf3 Nc6 3. d4 exd4 4. Nxd4 Bc5 5. Nb3 Be7 6. Nc3
Nf6 7. Be3 d6 8. Qd2 O-O 9. Be2 Re8 10. O-O-O Ng4 11. Bxg4
Bxg4 12. f3 Bd7 13. Nd5 Bf8 14. h4 Ne5 15. Qf2 Be6 16. h5 Bxd5
17. exd5 Qd7 18. Kb1 a5 19. Bc1 a4 20. Nd4 c5 21. dxc6 bxc6
22. g4 a3 23. b3 c5 24. Nf5 d5 25. Rhe1 c4 26. Bf4 Nc6
27. Rxe8 Rxe8 28. Ne3 Bc5 29. Qd2 Bd4 30. c3 Bxe3 31. Bxe3
cxb3 32. axb3 Qe6 33. Bc5 d4 34. c4 Rb8 35. Ka2 Rd8 36. Re1
Qd7 37. Kxa3 h6 38. Kb2 Qb7 39. Re4 Qd7 40. b4 d3 41. b5 Nb8
42. Rd4 Qc8 43. Rxd8+ Qxd8 44. Kc3 Qf6+ 45. Kxd3 Qxf3+ 46. Qe3
Qd1+ 47. Kc3 Qa1+ 48. Kb3 Qb1+ 49. Ka3 Qa1+ 50. Kb4 Qb2+
51. Ka5 Qa2+ 52. Ba3 Nd7 53. Qe8+ Kh7 54. Qxd7 Qxa3+ 55. Kb6
Qe3+ 56. c5 1-0

[Event "Reykjavik Open"]
[Site "Reykjavik ISL"]
[Date "2017.04.23"]
[EventDate "2017.04.19"]
[Round "6.108"]
[Result "1/2-1/2"]
[White "Chris P Smith"]
[Black "Sigurlaug Regina Fridthjofsdottir"]
[WhiteElo "1504"]
[BlackElo "1750"]
[PlyCount "61"]

1. d4 d5 2. c4 c6 3. Nf3 a6 4. cxd5 cxd5 5. Nc3 Nf6 6. Bg5 e6
7. e3 Be7 8. Bd3 Nc6 9. a3 O-O 10. O-O h6 11. Bxf6 Bxf6
12. Rc1 Bd7 13. Nd2 Rc8 14. Nb3 Be7 15. Na4 Bd6 16. Nac5 Rc7
17. Nxd7 Qxd7 18. Nc5 Bxc5 19. Rxc5 Rfc8 20. Qd2 Qd6 21. Rfc1
Ne7 22. Rxc7 Rxc7 23. Rxc7 Qxc7 24. Qc2 Qxc2 25. Bxc2 Nc8
26. Kf1 Nd6 27. Ke2 Kf8 28. Bd3 Ke7 29. Kd2 f6 30. Kc3 g5
31. g4 1/2-1/2

[Event "Reykjavik Open"]
[Site "Reykjavik ISL"]
[Date "2017.04.23"]
[EventDate "2017.04.19"]
[Round "6.109"]
[Result "1/2-1/2"]
[White "Elias Hulleberg Sidali"]
[Black "Suni I Horni Nielsen"]
[WhiteElo "1724"]
[BlackElo "1167"]
[PlyCount "78"]

1. e4 e5 2. Nf3 Nc6 3. Bb5 Bc5 4. d3 d6 5. O-O h6 6. Nbd2 Nf6
7. c3 a6 8. Ba4 b5 9. Bc2 Bg4 10. Re1 O-O 11. Nf1 Ne7 12. h3
Bh5 13. Ng3 Ng6 14. Nxh5 Nxh5 15. Nxe5 dxe5 16. Qxh5 Qf6
17. Qf5 Qb6 18. Be3 Bxe3 19. Rxe3 Qd6 20. Rd1 Rae8 21. g4 Re6
22. Qf3 Rf6 23. Qg2 Re8 24. Rf3 Rxf3 25. Qxf3 Re6 26. d4 Rf6
27. Qe3 Qb6 28. Qe2 Qe6 29. Qf1 Qxa2 30. dxe5 Nxe5 31. Rd8+
Kh7 32. Qb1 Qc4 33. Re8 Qe2 34. Qf1 Nf3+ 35. Kg2 Nh4+ 36. Kg1
Nf3+ 37. Kg2 Nh4+ 38. Kg1 Nf3+ 39. Kg2 Nh4+ 1/2-1/2

[Event "Reykjavik Open"]
[Site "Reykjavik ISL"]
[Date "2017.04.23"]
[EventDate "2017.04.19"]
[Round "6.110"]
[Result "0-1"]
[White "Benedikt Briem"]
[Black "Jon Thor Lemery"]
[WhiteElo "1446"]
[BlackElo "1708"]
[PlyCount "94"]

1. d4 Nf6 2. c4 g6 3. Nf3 Bg7 4. Nc3 d6 5. Bf4 O-O 6. e3 Nc6
7. h3 Bf5 8. a3 Re8 9. Be2 e5 10. Bg5 h6 11. Bxf6 Qxf6 12. d5
Nb8 13. e4 Bc8 14. Qd2 Nd7 15. Nb5 Qd8 16. b4 Nf6 17. Nc3 a5
18. Rb1 axb4 19. axb4 Qe7 20. O-O Nh5 21. Ra1 Bd7 22. Ra2 Nf4
23. Rfa1 Qf8 24. Bd3 Rxa2 25. Rxa2 Ra8 26. Bb1 g5 27. Kf1 Qc8
28. Rxa8 Qxa8 29. Qa2 Qc8 30. h4 Bh3 31. Ne1 Bxg2+ 32. Nxg2
Qh3 33. f3 Qh1+ 34. Kf2 Qxg2+ 35. Ke3 Qg1+ 36. Qf2 Qc1+
37. Qd2 Qxd2+ 38. Kxd2 gxh4 39. Ne2 h3 40. Ng3 h5 41. c5 h4
42. Nh1 Bf8 43. c6 b6 44. b5 Nh5 45. Nf2 h2 46. Bd3 Ng3
47. Ke1 h1=Q+ 0-1

[Event "Reykjavik Open"]
[Site "Reykjavik ISL"]
[Date "2017.04.23"]
[EventDate "2017.04.19"]
[Round "6.115"]
[Result "1/2-1/2"]
[White "Haki Johannesson"]
[Black "Hordur Jonasson"]
[WhiteElo "1705"]
[BlackElo "1513"]
[PlyCount "64"]

1. Nf3 Nf6 2. g3 g6 3. Bg2 Bg7 4. O-O O-O 5. d4 d5 6. Ne5 c6
7. Nd2 Nfd7 8. Nef3 Nf6 9. c3 Nbd7 10. Re1 Re8 11. e4 dxe4
12. Nxe4 Nxe4 13. Rxe4 e5 14. dxe5 Nxe5 15. Qxd8 Nxf3+
16. Bxf3 Rxd8 17. Bf4 Bf5 18. Re7 Rd7 19. Rae1 Bf8 20. Re8
Rdd8 21. Rxd8 Rxd8 22. Bg5 Rd7 23. Be3 c5 24. Kg2 Be6 25. a4
b6 26. Bf4 Bd6 27. Bh5 Bf8 28. Bg5 Be7 29. Bf4 Bd6 30. Be3 Rd8
31. Bg5 Rc8 32. Bf3 Kg7 1/2-1/2

[Event "Reykjavik Open"]
[Site "Reykjavik ISL"]
[Date "2017.04.23"]
[EventDate "2017.04.19"]
[Round "6.120"]
[Result "1/2-1/2"]
[White "Ulker Gasanova"]
[Black "Armann Petursson"]
[WhiteElo "1591"]
[BlackElo "1227"]
[PlyCount "60"]

1. Nf3 Nf6 2. d4 c5 3. Nc3 cxd4 4. Nxd4 d5 5. Bg5 e6 6. e3 Be7
7. Bb5+ Bd7 8. Qd3 a6 9. Bxd7+ Nbxd7 10. O-O O-O 11. Rad1 Qc7
12. Qe2 Rfe8 13. h4 h6 14. Bxf6 Nxf6 15. e4 e5 16. Nf5 d4
17. Nd5 Nxd5 18. exd5 Bf8 19. Qg4 g6 20. h5 g5 21. d6 Qc6
22. c3 Rad8 23. cxd4 exd4 24. Rxd4 Re6 25. d7 Rxd7 26. Rxd7
Qxd7 27. Rd1 Qc7 28. Qd4 Qe5 29. Qxe5 Rxe5 30. Ng3 Re6 1/2-1/2

[Event "Reykjavik Open"]
[Site "Reykjavik ISL"]
[Date "2017.04.24"]
[EventDate "2017.04.19"]
[Round "7.2"]
[Result "1-0"]
[White "Nils Grandelius"]
[Black "Dmitry Andreikin"]
[WhiteElo "2641"]
[BlackElo "2734"]
[PlyCount "139"]

1. e4 c5 2. Nf3 Nc6 3. d4 cxd4 4. Nxd4 e6 5. Nc3 a6 6. Nxc6
bxc6 7. Bd3 d5 8. O-O Nf6 9. Qf3 Bb7 10. Bf4 Be7 11. Rfe1 O-O
12. Rad1 g6 13. Na4 Nd7 14. c4 d4 15. e5 Rb8 16. Be4 Nb6
17. Nxb6 Qxb6 18. b3 c5 19. Bh6 Rfd8 20. Rd3 Rd7 21. Bxb7
Rdxb7 22. Qf4 Qa5 23. Re2 Qd8 24. Rf3 Qe8 25. Rd2 a5 26. Rdd3
a4 27. h4 axb3 28. axb3 Ra8 29. h5 Ra1+ 30. Kh2 Re1 31. Rg3
Ra7 32. hxg6 hxg6 33. Rh3 Raa1 34. Rdf3 Rh1+ 35. Kg3 Bd8
36. b4 Qd7 37. bxc5 f5 38. Rd3 Rxh3+ 39. gxh3 Qc6 40. f3 Be7
41. Qxd4 Ra7 42. h4 Bxc5 43. Qd8+ Kh7 44. Bg5 Rf7 45. Qb8 Bf8
46. Qb5 Qc7 47. Be3 f4+ 48. Bxf4 Bg7 49. Rd6 Qa7 50. Qb1 Rf5
51. Rb6 Qc7 52. Rb7 Qxc4 53. Qc1 Qd4 54. Qe3 Qxe3 55. Bxe3 Kg8
56. f4 Bf8 57. Kg4 Ba3 58. Ra7 Bb4 59. Ra6 Kf7 60. Bb6 Be7
61. Ra7 Ke8 62. Ra8+ Kf7 63. Bd8 Bxd8 64. Rxd8 Rh5 65. Rd7+
Kf8 66. Ra7 Rh6 67. Kg5 Rh5+ 68. Kf6 Rf5+ 69. Kxg6 Rxf4 70. h5
1-0

[Event "Reykjavik Open"]
[Site "Reykjavik ISL"]
[Date "2017.04.24"]
[EventDate "2017.04.19"]
[Round "7.3"]
[Result "1-0"]
[White "Baadur Jobava"]
[Black "Konstantin Landa"]
[WhiteElo "2712"]
[BlackElo "2611"]
[PlyCount "117"]

1. e4 e5 2. Nf3 Nf6 3. Nxe5 d6 4. Nf3 Nxe4 5. Qe2 Qe7 6. d4
Bg4 7. Be3 g6 8. h3 Bd7 9. Nbd2 Nxd2 10. Qxd2 Bh6 11. Bc4 Nc6
12. O-O Bxe3 13. fxe3 O-O-O 14. e4 f6 15. b4 g5 16. b5 Nb8
17. Rae1 h5 18. Qc3 Qg7 19. a4 Rde8 20. Nd2 h4 21. Be2 g4
22. Bxg4 Bxg4 23. hxg4 Qxg4 24. Rxf6 Nd7 25. Rf2 h3 26. g3 h2+
27. Kh1 Rh3 28. Re3 Qg6 29. a5 Kb8 30. Ref3 Rg8 31. a6 bxa6
32. bxa6 Rxg3 33. Rxg3 Qxg3 34. Qxg3 Rxg3 35. Rxh2 c5 36. Rh7
Kc7 37. e5 Re3 38. exd6+ Kc6 39. d5+ Kxd5 40. Rxd7 Re1+
41. Kg2 Re2+ 42. Kf3 Rxd2 43. Rxa7 Kxd6 44. Rd7+ Kxd7 45. a7
Rxc2 46. a8=Q Rc1 47. Qa4+ Kc8 48. Ke4 Rh1 49. Qc6+ Kb8
50. Qb5+ Kc7 51. Qxc5+ Kd8 52. Qg5+ Ke8 53. Qg4 Re1+ 54. Kd5
Re7 55. Qg8+ Kd7 56. Qb8 Re1 57. Qb5+ Kc8 58. Qc4+ Kd7
59. Qa4+ 1-0

[Event "Reykjavik Open"]
[Site "Reykjavik ISL"]
[Date "2017.04.24"]
[EventDate "2017.04.19"]
[Round "7.4"]
[Result "1-0"]
[White "Abhijeet Gupta"]
[Black "Sergei Movsesian"]
[WhiteElo "2607"]
[BlackElo "2677"]
[PlyCount "129"]

1. d4 Nf6 2. c4 e6 3. Nf3 d5 4. g3 Be7 5. Bg2 O-O 6. O-O dxc4
7. Qc2 a6 8. a4 Bd7 9. Qxc4 Bc6 10. Bf4 Bd6 11. Qc1 Nbd7
12. Nc3 Qe7 13. a5 e5 14. dxe5 Nxe5 15. Nd4 Bxg2 16. Kxg2 Ng6
17. Nf5 Qe6 18. Nxd6 cxd6 19. Rd1 Ne4 20. Nd5 Rac8 21. Qe3
Rfe8 22. f3 Nf6 23. Qxe6 Rxe6 24. Nc3 Nxf4+ 25. gxf4 d5
26. Ra4 Kf8 27. Rb4 Re7 28. e4 dxe4 29. fxe4 Ne8 30. Kf3 f6
31. Rb6 g5 32. f5 h5 33. Rd4 Rf7 34. Ke3 Kg7 35. Rdb4 Rcc7
36. Re6 Rc8 37. Reb6 Rcc7 38. Re6 Rc8 39. h3 Rd8 40. Reb6 Nd6
41. Kf3 Rdd7 42. Ke2 Nc8 43. Re6 Ne7 44. Ra4 Nc6 45. Nd5 Rf8
46. Ke3 h4 47. Ra1 Nd8 48. Rc1 Nxe6 49. fxe6 Rd6 50. Rc7+ Kh6
51. e7 Rh8 52. Rxb7 Kg6 53. Rb6 Rxb6 54. axb6 Kf7 55. Nc7 Kxe7
56. Nxa6 g4 57. b7 gxh3 58. Kf3 Kd6 59. b8=Q+ Rxb8 60. Nxb8 h2
61. Kg2 Ke5 62. Nd7+ Kxe4 63. Nxf6+ Kd4 64. Ng4 Kc4 65. Ne3+
1-0

[Event "Reykjavik Open"]
[Site "Reykjavik ISL"]
[Date "2017.04.24"]
[EventDate "2017.04.19"]
[Round "7.7"]
[Result "1-0"]
[White "Erwin L'Ami"]
[Black "Ramesh Babu Vaishali"]
[WhiteElo "2614"]
[BlackElo "2259"]
[PlyCount "89"]

1. d4 Nf6 2. c4 e6 3. Nf3 d5 4. Nc3 Be7 5. Bg5 h6 6. Bh4 O-O
7. e3 b6 8. Be2 Bb7 9. Bxf6 Bxf6 10. cxd5 exd5 11. b4 c6
12. O-O Nd7 13. Qb3 Re8 14. Rad1 b5 15. a4 a6 16. a5 Be7
17. Na2 Bd6 18. Nc1 Qf6 19. Nd3 Re6 20. Nd2 Qh4 21. g3 Qh3
22. Bf3 Rae8 23. Rc1 h5 24. Qd1 Rg6 25. Bg2 Qf5 26. Nf4 Bxf4
27. exf4 h4 28. Nf3 hxg3 29. hxg3 Rge6 30. Qc2 Qxc2 31. Rxc2
Nf6 32. Rfc1 Ne4 33. Ne5 Nd6 34. Nxc6 Nc4 35. Ne5 f6 36. Nd3
Rd6 37. Bh3 Kf7 38. Nc5 Bc8 39. Bxc8 Rxc8 40. Re1 Re8 41. Rxe8
Kxe8 42. Re2+ Kf7 43. f5 g6 44. fxg6+ Kxg6 45. Kg2 1-0

[Event "Reykjavik Open"]
[Site "Reykjavik ISL"]
[Date "2017.04.24"]
[EventDate "2017.04.19"]
[Round "7.8"]
[Result "1-0"]
[White "Mustafa Yilmaz"]
[Black "Marc Esserman"]
[WhiteElo "2614"]
[BlackElo "2458"]
[PlyCount "73"]

1. d4 f5 2. Bf4 Nf6 3. e3 d6 4. Be2 c6 5. c4 Qa5+ 6. Nc3 e5
7. Bg3 Ne4 8. Nf3 Nd7 9. Nd2 Nxc3 10. bxc3 Qxc3 11. O-O Be7
12. c5 d5 13. Nb3 O-O 14. Rc1 Qb4 15. a3 Qa4 16. dxe5 Qxa3
17. Qc2 a5 18. Nd4 Qxc5 19. Qd3 Qb6 20. Nxf5 Qd8 21. e4 Bb4
22. Qd4 Qb6 23. Qa1 dxe4 24. Bc4+ Kh8 25. Nd6 Bxd6 26. exd6
Nf6 27. Be5 Bd7 28. Rfe1 Rae8 29. Rxe4 c5 30. Rf4 Qd8 31. Ba2
b6 32. Re1 Nh5 33. Rxf8+ Rxf8 34. Bxg7+ Nxg7 35. Re7 Qxe7
36. dxe7 Rf5 37. Be6 1-0

[Event "Reykjavik Open"]
[Site "Reykjavik ISL"]
[Date "2017.04.24"]
[EventDate "2017.04.19"]
[Round "7.10"]
[Result "1-0"]
[White "Jorden van Foreest"]
[Black "Johan-Sebastian Christiansen"]
[WhiteElo "2584"]
[BlackElo "2429"]
[PlyCount "91"]

1. e4 e6 2. d4 d5 3. Nc3 Nf6 4. e5 Nfd7 5. f4 c5 6. Nf3 Nc6
7. Be3 Be7 8. Qd2 O-O 9. h4 a6 10. dxc5 Qa5 11. O-O-O Bxc5
12. Kb1 b5 13. Bd3 Rd8 14. Bxc5 Nxc5 15. Bxh7+ Kxh7 16. Ng5+
Kg8 17. Qe2 Na4 18. Rh3 Ra7 19. Qh5 Qb4 20. Nxa4 bxa4 21. a3
Qb5 22. Qh7+ Kf8 23. Qh8+ Ke7 24. Qxg7 Rf8 25. Nh7 Rd8 26. Ng5
Rf8 27. c4 Qxc4 28. f5 Qg4 29. f6+ Ke8 30. Rc1 Bd7 31. Rhc3
Rb7 32. Ka2 Rb6 33. h5 d4 34. Nxf7 Rg8 35. Nd6+ Kd8 36. Rxc6
Rxc6 37. Qe7+ Kc7 38. Ne8+ Rxe8 39. Rxc6+ Kxc6 40. Qd6+ Kb5
41. Qxd7+ Kc5 42. Qxe8 d3 43. Qe7+ Kd5 44. Qd6+ Ke4 45. Qb4+
Kf5 46. f7 1-0

[Event "Reykjavik Open"]
[Site "Reykjavik ISL"]
[Date "2017.04.24"]
[EventDate "2017.04.19"]
[Round "7.11"]
[Result "1-0"]
[White "Aman Hambleton"]
[Black "Alejandro Ramirez Alvarez"]
[WhiteElo "2434"]
[BlackElo "2555"]
[PlyCount "115"]

1. d4 d6 2. e4 g6 3. c4 Bg7 4. Nc3 Nc6 5. Be3 e5 6. d5 Nce7
7. Bd3 f5 8. f3 Bh6 9. Bxh6 Nxh6 10. Qd2 f4 11. Nge2 g5 12. h3
Ng6 13. Nc1 Nf7 14. b4 a5 15. bxa5 Rxa5 16. c5 dxc5 17. Nb3
Ra8 18. Nxc5 O-O 19. Bc4 Nd6 20. Bb3 Qe7 21. O-O-O Rf7 22. Kb1
b6 23. Nd3 Bd7 24. Rc1 h5 25. Nd1 Bb5 26. Nb4 g4 27. hxg4 hxg4
28. Nf2 g3 29. Ng4 Rh7 30. Nh6+ Kg7 31. Nf5+ Nxf5 32. Rxh7+
Kxh7 33. exf5 Nh4 34. d6 Qxd6 35. Qxd6 cxd6 36. Rh1 Kg7
37. Rxh4 Bf1 38. Nd5 Bd3+ 39. Kc1 Bxf5 40. Kd2 b5 41. Rh1 Ra7
42. Nc3 Ra5 43. Ne4 Ra7 44. Ke2 Bxe4 45. fxe4 Rc7 46. Rd1 Rc3
47. Kd2 b4 48. Rb1 Kf6 49. a3 Re3 50. a4 d5 51. Bxd5 Ra3
52. Bb3 Kg5 53. Kd3 f3 54. gxf3 Kf4 55. Kc4 Kxf3 56. Kxb4
Rxa4+ 57. Bxa4 Kxe4 58. Bc6+ 1-0

[Event "Reykjavik Open"]
[Site "Reykjavik ISL"]
[Date "2017.04.24"]
[EventDate "2017.04.19"]
[Round "7.12"]
[Result "1-0"]
[White "Alexander Donchenko"]
[Black "Sarin Nihal"]
[WhiteElo "2554"]
[BlackElo "2424"]
[PlyCount "71"]

1. c4 c5 2. Nf3 Nc6 3. Nc3 e5 4. e3 f5 5. d4 e4 6. Ng1 cxd4
7. exd4 Bb4 8. Ne2 Nf6 9. a3 Bxc3+ 10. Nxc3 O-O 11. Bf4 d5
12. h4 Be6 13. c5 b6 14. Bb5 Rc8 15. b4 bxc5 16. bxc5 Qa5
17. Qd2 Nh5 18. Bd6 Rfe8 19. O-O Qd8 20. Qg5 Qxg5 21. hxg5 f4
22. Rad1 Kf7 23. Nxe4 dxe4 24. d5 Bd7 25. dxc6 Bxc6 26. Bxc6
Rxc6 27. g4 e3 28. Rd3 e2 29. Re1 Kg6 30. gxh5+ Kxg5 31. h6
gxh6 32. Kg2 h5 33. Kf3 h4 34. Bxf4+ Kg6 35. Rd6+ Rxd6
36. cxd6 1-0

[Event "Reykjavik Open"]
[Site "Reykjavik ISL"]
[Date "2017.04.24"]
[EventDate "2017.04.19"]
[Round "7.13"]
[Result "1/2-1/2"]
[White "Kidambi Sundararajan"]
[Black "Helgi Dam Ziska"]
[WhiteElo "2422"]
[BlackElo "2553"]
[PlyCount "64"]

1. Nf3 Nf6 2. g3 g6 3. b3 Bg7 4. Bb2 O-O 5. Bg2 d6 6. d4 e5
7. dxe5 Ng4 8. O-O Nxe5 9. Nxe5 dxe5 10. Nc3 Nc6 11. Qxd8 Rxd8
12. Nd5 Bh3 13. c4 Bxg2 14. Kxg2 Rd7 15. Rfd1 Rad8 16. Rd2 e4
17. Rad1 Bxb2 18. Rxb2 Kg7 19. Rc1 Ne5 20. Kf1 f5 21. Ke1 g5
22. Nc3 h5 23. Rd1 Kf7 24. Rbb1 Ke6 25. Rxd7 Rxd7 26. Rd1
Rxd1+ 27. Nxd1 c6 28. Nc3 Kd6 29. h3 Kc5 30. a3 b5 31. cxb5
cxb5 32. Kd2 a6 1/2-1/2

[Event "Reykjavik Open"]
[Site "Reykjavik ISL"]
[Date "2017.04.24"]
[EventDate "2017.04.19"]
[Round "7.14"]
[Result "0-1"]
[White "Bjorn Ahlander"]
[Black "Johann Hjartarson"]
[WhiteElo "2416"]
[BlackElo "2536"]
[PlyCount "96"]

1. d4 f5 2. Nf3 Nf6 3. g3 g6 4. Bg2 Bg7 5. O-O O-O 6. c4 d6
7. Nc3 Qe8 8. b3 e5 9. dxe5 dxe5 10. e4 Nc6 11. Nd5 Qd7
12. Ba3 Re8 13. exf5 e4 14. Ng5 Qxf5 15. h4 h6 16. Nh3 Nxd5
17. cxd5 Bxa1 18. Qxa1 Ne5 19. Qc1 Nf7 20. Nf4 g5 21. hxg5
hxg5 22. Ne2 Qg6 23. Qxc7 Qa6 24. d6 Bg4 25. f3 Bh5 26. d7
Red8 27. Bb2 Qb6+ 28. Qxb6 axb6 29. g4 Bg6 30. Nc3 Rxd7
31. fxe4 Rd2 32. Ba1 b5 33. a4 b4 34. Nb5 Re8 35. e5 Nxe5
36. Bd4 Nc6 37. Bc5 Be4 38. Bxe4 Rxe4 39. Rf2 Rxg4+ 40. Kf1
Rd3 41. Ke2 Rxb3 42. Rf8+ Kg7 43. Nc7 Re4+ 44. Kd2 b6 45. Re8
Rxe8 46. Nxe8+ Kf7 47. Nd6+ Ke6 48. Nb7 Ne5 0-1

[Event "Reykjavik Open"]
[Site "Reykjavik ISL"]
[Date "2017.04.24"]
[EventDate "2017.04.19"]
[Round "7.15"]
[Result "1-0"]
[White "Joshua E Friedel"]
[Black "Bjorn Thorfinnsson"]
[WhiteElo "2524"]
[BlackElo "2413"]
[PlyCount "91"]

1. e4 e5 2. Nf3 Nc6 3. Bb5 f5 4. d3 fxe4 5. dxe4 Nf6 6. O-O
Bc5 7. Bxc6 bxc6 8. Nxe5 O-O 9. Nc3 Ba6 10. Nd3 Bd4 11. e5
Bxc3 12. bxc3 Nd5 13. Qg4 Qe7 14. Bd2 Nb6 15. a4 Rae8 16. Rfe1
Qf7 17. Qd4 Bc4 18. a5 Nc8 19. Re4 Bd5 20. Rf4 Qe7 21. Rxf8+
Rxf8 22. c4 Be6 23. Bb4 d6 24. Re1 c5 25. exd6 cxd6 26. Qe4
Re8 27. Bc3 Qd7 28. Rb1 Bf7 29. Qf3 Ne7 30. Rb7 Qa4 31. Nf4
Nf5 32. h3 Qxc4 33. Rxa7 Nh4 34. Qg3 Nf5 35. Qg5 Qxc3 36. Qxf5
Qf6 37. Qxf6 gxf6 38. Rd7 Re1+ 39. Kh2 Ra1 40. Rxd6 Rxa5
41. Rxf6 Ra2 42. g4 Rxc2 43. Kg3 Rc3+ 44. f3 Bg6 45. Nxg6 Kg7
46. Ne7 1-0

[Event "Reykjavik Open"]
[Site "Reykjavik ISL"]
[Date "2017.04.24"]
[EventDate "2017.04.19"]
[Round "7.16"]
[Result "0-1"]
[White "Tuvshintugs Batchimeg"]
[Black "Dronavalli Harika"]
[WhiteElo "2394"]
[BlackElo "2521"]
[PlyCount "176"]

1. d4 d5 2. c4 e6 3. Nc3 c6 4. cxd5 exd5 5. Qc2 Nf6 6. Bg5 Be7
7. e3 Nbd7 8. Bd3 Nh5 9. Bf4 Nxf4 10. exf4 Nf6 11. Nf3 Nh5
12. g3 g6 13. f5 Ng7 14. g4 gxf5 15. gxf5 Qd6 16. Ne2 Qf6
17. Ng3 Bd7 18. O-O-O O-O-O 19. Ne5 Bd6 20. f4 Be8 21. h4 h5
22. Rdf1 Kb8 23. Kb1 Bd7 24. Ka1 Ka8 25. Re1 Bc8 26. Re3 Bb8
27. Ree1 Rdg8 28. Rhg1 Ne8 29. Qe2 Nd6 30. Nxh5 Qxh4 31. Rh1
Qd8 32. f6 Rh6 33. Rhg1 Rgh8 34. Rg5 Qb6 35. Rd1 Rf8 36. Bb1
Qc7 37. Rdg1 Qd8 38. Rg7 Qb6 39. Rg8 Rh8 40. Rxf8 Rxf8 41. Qf2
Rh8 42. Rg5 a6 43. Bd3 Ba7 44. Nf3 Ne4 45. Bxe4 dxe4 46. Nd2
Qxd4 47. Qxd4 Bxd4 48. Nxe4 Re8 49. Nhg3 Bxf6 50. Rh5 Bd8
51. f5 Bc7 52. Kb1 Ka7 53. Kc2 Rg8 54. Ne2 Be5 55. b3 f6
56. Kd3 Rd8+ 57. Kc2 Rd5 58. N2c3 Rd8 59. Ne2 a5 60. Nd2 Rd5
61. Nc4 Bc7 62. Ne3 Re5 63. Kd2 a4 64. bxa4 Bb6 65. Ng4 Ba5+
66. Kd1 Rd5+ 67. Kc1 Bd2+ 68. Kb2 Bg5 69. Ng3 Rd2+ 70. Kc3 Rg2
71. Ne4 Rxg4 72. Nd6 Bxf5 73. Nxf5 Rxa4 74. Kb3 Rf4 75. Nd6
Rh4 76. Rxh4 Bxh4 77. a4 Bg3 78. Nf5 Be5 79. Kc4 Kb6 80. Kb4
Bf4 81. Kc4 Ka5 82. Kb3 Be5 83. Ne7 Bd6 84. Nf5 Bc5 85. Kc4
Bf8 86. Kb3 b5 87. axb5 cxb5 88. Ne3 Bc5 0-1

[Event "Reykjavik Open"]
[Site "Reykjavik ISL"]
[Date "2017.04.24"]
[EventDate "2017.04.19"]
[Round "7.17"]
[Result "1/2-1/2"]
[White "Pierre Bailet"]
[Black "Justin Sarkar"]
[WhiteElo "2510"]
[BlackElo "2390"]
[PlyCount "125"]

1. Nf3 Nf6 2. c4 g6 3. Nc3 Bg7 4. e4 c5 5. d4 Qa5 6. Bd2 cxd4
7. Nxd4 Nc6 8. Nb3 Qd8 9. Be2 O-O 10. O-O d6 11. f3 Nd7
12. Rc1 Nc5 13. Be3 Nxb3 14. axb3 f5 15. exf5 Bxf5 16. c5 dxc5
17. Bc4+ Kh8 18. Bxc5 Qa5 19. b4 Nxb4 20. Bxe7 Rfe8 21. Qd6
Nc6 22. Bf6 Qb6+ 23. Kh1 Qb4 24. Nb5 Qxd6 25. Bxg7+ Kxg7
26. Nxd6 Re7 27. g4 Be6 28. Bxe6 Rxe6 29. Nxb7 Rb8 30. Nc5 Re2
31. Nd3 Nd4 32. Rc7+ Kg8 33. Rd7 Ne6 34. Re7 Rd8 35. Re1 Rxe1+
36. Nxe1 Nf4 37. h4 a5 38. Re4 Nd3 39. Re2 Nxe1 40. Rxe1 Rd3
41. Rf1 Rd2 42. Ra1 Rxb2 43. Rxa5 Kg7 44. Ra7+ Kg8 45. Kg1 Rc2
46. Re7 Rb2 47. Re1 Kf7 48. Rf1 h5 49. Rf2 Rb1+ 50. Kg2 hxg4
51. fxg4+ Kg7 52. Kg3 Rb3+ 53. Rf3 Rb4 54. Ra3 Kf7 55. Ra7+
Kf8 56. Kf3 Rc4 57. Ra3 Kf7 58. Re3 Kf6 59. Re4 Rc3+ 60. Kf4
g5+ 61. hxg5+ Kg6 62. Re6+ Kg7 63. g6 1/2-1/2

[Event "Reykjavik Open"]
[Site "Reykjavik ISL"]
[Date "2017.04.24"]
[EventDate "2017.04.19"]
[Round "7.18"]
[Result "1/2-1/2"]
[White "Jakob Pfreundt"]
[Black "Awonder Liang"]
[WhiteElo "2392"]
[BlackElo "2483"]
[PlyCount "67"]

1. e4 e5 2. Nf3 Nc6 3. d4 exd4 4. Nxd4 Nf6 5. Nxc6 bxc6 6. Nd2
d6 7. Bd3 Be7 8. O-O O-O 9. h3 Nd7 10. Nf3 Bf6 11. Re1 Re8
12. c3 c5 13. Bf4 Bb7 14. Qc2 Bc6 15. Re3 Re7 16. Rae1 Qe8
17. Bc4 Rb8 18. Bd5 Bb5 19. a4 Ba6 20. Bc6 Bb7 21. e5 dxe5
22. Nxe5 Bxe5 23. Bxd7 Qxd7 24. Rxe5 Rbe8 25. Rxe7 Rxe7
26. Rxe7 Qxe7 27. c4 h6 28. f3 a6 29. Qd2 Bc8 30. Qe3 Qxe3+
31. Bxe3 Bf5 32. a5 Bd3 33. Bxc5 Bxc4 34. h4 1/2-1/2

[Event "Reykjavik Open"]
[Site "Reykjavik ISL"]
[Date "2017.04.24"]
[EventDate "2017.04.19"]
[Round "7.19"]
[Result "1/2-1/2"]
[White "Sopiko Guramishvili"]
[Black "Damian Lemos"]
[WhiteElo "2363"]
[BlackElo "2471"]
[PlyCount "52"]

1. d4 Nf6 2. Nf3 g6 3. Nbd2 Bg7 4. e4 d6 5. Bd3 O-O 6. O-O Nc6
7. a4 Nh5 8. Nc4 Bg4 9. c3 e5 10. dxe5 Nxe5 11. Ncxe5 dxe5
12. h3 Be6 13. Ng5 Bd7 14. Bc4 Qe7 15. Qb3 h6 16. Nf3 Rab8
17. Be3 b6 18. Rfd1 Nf6 19. Nd2 Ne8 20. a5 Nd6 21. axb6 axb6
22. Ra7 Nc8 23. Ra6 Nd6 24. Ra7 Nc8 25. Ra6 Nd6 26. Ra7 Nc8
1/2-1/2

[Event "Reykjavik Open"]
[Site "Reykjavik ISL"]
[Date "2017.04.24"]
[EventDate "2017.04.19"]
[Round "7.20"]
[Result "1-0"]
[White "Alexey Shirov"]
[Black "Michael Kleinman"]
[WhiteElo "2693"]
[BlackElo "2289"]
[PlyCount "39"]

1. e4 c5 2. Nf3 e6 3. d4 cxd4 4. Nxd4 Nc6 5. Nc3 Qc7 6. Be3 a6
7. Qf3 Bd6 8. O-O-O Be5 9. g3 Nge7 10. Qe2 b5 11. Qd2 Rb8
12. Nxc6 Qxc6 13. Bg2 Qc4 14. Bf4 f6 15. Bxe5 fxe5 16. Qd6 Nc6
17. a3 b4 18. Bf1 Qxf1 19. Rhxf1 bxc3 20. bxc3 1-0